| 000 | 01519nam a2200481 i 4500 | ||
|---|---|---|---|
| 001 | 6806 | ||
| 003 | KOSZ 005 | ||
| 005 | 20200420080313.0 | ||
| 008 | 121003s1993 pl f |001 0 pol | ||
| 015 | _aUWD 2012/31852 | ||
| 020 | _a8390136007 | ||
| 035 | _a991011838479705066 | ||
| 035 | _a(PL-WaBN)b27711791-48omnis_nlop | ||
| 035 | _ab27711791 | ||
| 035 | _a(OCoLC)751521819 | ||
| 035 | _a(PL)b0000002771179 | ||
| 035 | _a(EXLNZ-48OMNIS_NETWORK)9910380084705606 | ||
| 040 |
_aWA N _cWA N _dKOSZ 005/AR _dKOSZ 005/HR |
||
| 041 | _apol | ||
| 044 | _apl | ||
| 080 | _a004.42 | ||
| 080 | _a004.92 | ||
| 080 | _a(07) | ||
| 100 | 1 |
_aJurek, Janusz Wojciech _d(1968- ) _eAutor |
|
| 245 | 1 | 0 |
_aAldus FreeHand 3.1 : _bprofesjonalny program graficzny / _cJanusz Wojciech Jurek. |
| 260 |
_aKraków : _bWydawnictwo "DMM", _c1993. |
||
| 300 |
_a227 stron : _bilustracje ; _c24 cm. |
||
| 336 |
_aTekst _btxt _2rdacontent |
||
| 337 |
_aBez urządzenia pośredniczącego _bn _2rdamedia |
||
| 338 |
_aWolumin _bnc _2rdacarrier |
||
| 380 | _aKsiążki | ||
| 388 | _a1901-2000 | ||
| 388 | _a1989-2000 | ||
| 504 | _aIndeks. | ||
| 650 | 7 |
_aFreeHand _2DBN |
|
| 650 | 7 |
_aProgramy graficzne _2DBN |
|
| 655 | 7 |
_aPodręcznik _2DBN |
|
| 658 | _aInformatyka i technologie informacyjne | ||
| 710 |
_4pbl _aWydawnictwo "DMM" |
||
| 856 |
_uhttp://koha.tu.koszalin.pl/cgi-bin/koha/opac-detail.pl?biblionumber=6806 _yKatalog online BPK |
||
| 942 |
_2UKD _cKS |
||
| 999 |
_c6806 _d6806 |
||